A kakas éve /

Hlavní autor: Boučková, Tereza, 1957-
Jazyk: Maďarština
Vydáno: Budapest : Cartaphilus, 2011
Témata:
Fyzický popis: 498 s. ; 20 cm
Knihy
Uloženo v:
LEADER 01284nam a2200385 a 4500
001 001185120
003 CZ BrMZK
005 20120126072631.0
007 ta
008 111208s2011 hu g 000 fahun
020 |a 978-963-266-214-5  |q (váz.) 
040 |a BOA001  |b cze 
041 1 |a hun  |h cze 
045 |a y5y6 
072 7 |a 821.162.3-3  |x Česká próza  |2 Konspekt  |9 25 
072 7 |a 929  |x Biografie  |2 Konspekt  |9 8 
080 |a 821.162.3-31  |2 MRF 
080 |a 929  |2 MRF 
080 |a 821.162.3-055.2  |2 MRF 
080 |a (0:82-312.6)  |2 MRF 
100 1 |a Boučková, Tereza,  |d 1957-  |7 jn19990209069  |4 aut 
245 1 2 |a A kakas éve /  |c Tereza Boučková ; [fordította V. Detre Zsuzsa] 
260 |a Budapest :  |b Cartaphilus,  |c 2011 
300 |a 498 s. ;  |c 20 cm 
500 |a Přeloženo z češtiny 
600 1 7 |a Boučková, Tereza,  |d 1957-  |7 jn19990209069  |2 czenas 
648 4 |a 2005-2006 
650 0 7 |a české spisovatelky  |7 ph128153  |y 20.-21. stol.  |2 czenas 
655 7 |a české romány  |7 fd133974  |2 czenas 
655 7 |a autobiografické romány  |7 fd131852  |2 czenas 
765 0 |t Rok kohouta  |9 Maďarsky 
910 2 |a BOA001  |b M1-1278.256 
990 |a BK 
991 |b 201201  |e b 
996 7 |b 2610497641  |c M1-1278.256  |l MZK  |r Sklad / do 24 hodin  |n 2  |p dar  |w 001222172  |u 000010  |a 1  |e BOA001  |j MZK50  |s A